logo

Embedded System (Record no. 1955)

000 -LEADER
fixed length control field 00370nam a22001577a 4500
003 - CONTROL NUMBER IDENTIFIER
control field SLTCLib
008 - FIXED-LENGTH DATA ELEMENTS--GENERAL INFORMATION
fixed length control field 260119b ce ||||| |||| 00| 0 eng d
020 ## - INTERNATIONAL STANDARD BOOK NUMBER
International Standard Book Number 8181160606
041 ## - LANGUAGE CODE
Language code of text/sound track or separate title English Language
082 ## - DEWEY DECIMAL CLASSIFICATION NUMBER
Classification number 004.16
Item number SIN
100 ## - MAIN ENTRY--PERSONAL NAME
Personal name Singh, Amarjeet
9 (RLIN) 3479
245 ## - TITLE STATEMENT
Title Embedded System
260 ## - PUBLICATION, DISTRIBUTION, ETC. (IMPRINT)
Place of publication, distribution, etc New Delhi
Name of publisher, distributor, etc Maxford Books
Date of publication, distribution, etc 2014
300 ## - PHYSICAL DESCRIPTION
Extent 268p.
942 ## - ADDED ENTRY ELEMENTS (KOHA)
Source of classification or shelving scheme
Koha item type Reference Materials
945 ## - LOCAL PROCESSING INFORMATION (OCLC)
a 3725
b Ishara wickramage
c 3725
d Ishara wickramage
Holdings
Withdrawn status Lost status Source of classification or shelving scheme Damaged status Not for loan Collection code Permanent Location Current Location Shelving location Date acquired Cost, normal purchase price Full call number Barcode Date last seen Price effective from Koha item type
          Scheduled Reference collection Library of SLTC Library of SLTC Reference Section 2026-01-19 3482.50 004.16 SIN 002766 2026-01-19 2026-01-19 Reference Materials
          Scheduled Reference collection Library of SLTC Library of SLTC Reference Section 2026-01-19 3483.50 004.16 SIN 002767 2026-01-19 2026-01-19 Reference Materials
Ghostwriter

All Rights Reserved, Library of SLTC
Sri Lanka Technological Campus, Ingiriya Road, Padukka, Sri Lanka - Telephone: +, Fax: + -
Email:library@sltc.edu.lk
Designed & Maintained by Nimal Hettiarachchi
Last Updated: 15-April -2018